Statistics for All Time Low - Dear Maria Count Me In Lyrics

Click here to take the quiz!

General Stats

  • This quiz has been taken 562 times
  • The average score is 242 of 339

Answer Stats

HintAnswer% Correct
i
100%
I
100%
dear
98%
maria
98%
me
98%
a
97%
count
97%
in
97%
you
97%
go
96%
Im
96%
im
96%
The
96%
the
96%
your
94%
bottle
93%
of
93%
picture
93%
with
93%
bottom
92%
coming
92%
got
92%
story
92%
theres
91%
this
91%
and
90%
at
90%
pen
82%
on
76%
it
72%
when
72%
out
70%
cause
68%
take
67%
make
66%
lights
64%
by
60%
one
60%
storm
60%
way
59%
name
58%
to
58%
watch
58%
stage
56%
want
56%
boys
55%
like
55%
whos
55%
wrap
55%
around
54%
feels
54%
finger
54%
selling
54%
from
53%
be
52%
crowd
52%
know
52%
leader
52%
those
52%
youre
52%
hearts
51%
calling
50%
good
50%
what
50%
play
49%
stealing
48%
its
45%
every
43%
fast
43%
that
43%
second
42%
track
42%
low
40%
we
39%
last
37%
see
35%
so
34%
for
32%
up
32%
dream
29%
ill
29%
let
29%
star
29%
world
29%
american
28%
girl
28%
well
28%
narrator
27%
can
26%
home
26%
team
26%
easy
25%
hard
25%
isnt
25%
another
24%
breath
24%
down
24%
road
24%
telling
24%
never
23%
showgirl
23%
tale
22%
youll
22%
dont
21%
come
20%
sound
18%
going
16%
now
16%
more
15%
always
14%
rest
14%
wanting
14%
doubt
13%
had
13%
floor
12%
settle
12%
watching
12%
crazy
11%
cash
10%
live
10%
flow
9%
leaves
8%
ha ha
7%
Ehem
4%
and im
1%
woh oh oh
0%

Score Distribution

Percentile by Number Answered

Percent of People with Each Score

Your Score History

You have not taken this quiz